Teoretické východiská medzinárodnej migrácie v kontexte Slovenska bakalárska práca

Saved in:
Bibliographic Details
Main Author: Blážová, Sofia
Corporate Author: Fakulta medzinárodných vzťahov EU. Katedra medzinárodných ekonomických vzťahov a hospodárskej diplomacie
Other Authors: Kiner, Andrej, 1996-
Format: Book
Language:Slovak
Published: Bratislava 2023
Tags: Add Tag
No Tags, Be the first to tag this record!

MARC

LEADER 00000nbm a2200000 4500
001 0293265
005 20240603141330.2
041 0 |a slo 
044 |a SK 
245 1 0 |a Teoretické východiská medzinárodnej migrácie v kontexte Slovenska  |b bakalárska práca  |c Sofia Blážová ; školiteľ: Andrej Kiner 
264 1 |a Bratislava  |c 2023 
300 |a 46 s. 
100 1 |a Blážová, Sofia 
700 1 |a Kiner, Andrej, 1996- 
710 2 |a Fakulta medzinárodných vzťahov EU. Katedra medzinárodných ekonomických vzťahov a hospodárskej diplomacie